| 000 | 00512nam a2200181 i 4500 | ||
|---|---|---|---|
| 001 | 25163 | ||
| 003 | ES-MaACL | ||
| 005 | 20230906153213.0 | ||
| 007 | t| | ||
| 008 | 021220s1957 mx ||||1| spa d | ||
| 100 | 1 |
_aArce, David N. _922447 |
|
| 245 | 1 | 0 |
_aLeopoldo Ramos _b: poeta en ascensión / _cDavid N. Arce ; dibujos de Helio Duarte. |
| 250 | _a1ª ed. | ||
| 260 |
_aMéxico : _bJus, _c1957. |
||
| 300 |
_a35 p. ; _c29 cm. |
||
| 700 | 1 |
_aDuarte, Helios. _945730 |
|
| 852 |
_aES-MaACL _j1980-F-26 _bR.41386 |
||
| 999 |
_c25163 _d25163 |
||